Normal view
MARC view
- B.A. Dubrovin A.T. Fomenko
Entry Personal Name
001 - CONTROL NUMBER
- control field: 20413
003 - CONTROL NUMBER IDENTIFIER
- control field: NUST
005 - DATE AND TIME OF LATEST TRANSACTION
- control field: 20190913055210.0
008 - FIXED-LENGTH DATA ELEMENTS
- fixed length control field: 190913|| aca||aabn | a|a d
040 ## - CATALOGING SOURCE
- Original cataloging agency: NUST
- Transcribing agency: NUST
100 ## - HEADING--PERSONAL NAME
- Personal name: B.A. Dubrovin A.T. Fomenko
670 ## - SOURCE DATA FOUND
- Source citation: Work cat.: (NUST): B.A. Dubrovin A.T. Fomenko , Modern Geometry-Methods and Applications, 1985
